000 01946nam a22001337a 4500
999 _c532815
_d532815
008 260319b ||||| |||| 00| 0 eng d
100 _aJung, Jiwoong and Switzer, David
_959799
245 _aDemand for professionalism among elected officials: Evidence from a survey of local government officials
260 _aThe American Review of Public Administration
300 _a55(7-8), Oct-Nov, 2025: p.627-646
520 _aThis paper examines the demand side of public administration professionalism, focusing on city legislators’ preferences for professional administrators. To this point, most of the research on managerial professionalism has emphasized the supply side, or why managers seek professional advancement or professionalism. This paper examines the factors that drive political decision-makers to prefer professionalized city managers. In the manuscript, we explore how familiarity with the International City/County Management Association (ICMA), financial conditions, and population size influence preferences for professionally credentialed administrators. Specifically, we investigate how these factors and their interactions influence legislator preferences for ICMA-credentialed administrators. We investigate the question of demand for professionalism through an original survey of 500 local government elected officials. We find that elected officials with higher levels of familiarity with ICMA were more likely to prefer ICMA-credentialed managers. Additionally, we find a significant preference for ICMA-credentialed administrators in financially strained governments, when legislators are familiar with the ICMA organization.-Reproduced https://journals.sagepub.com/doi/full/10.1177/02750740251377695?_gl=1*1s1gnig*_up*MQ..*_ga*MTk0MTI5MzAxMS4xNzczOTExMzgx*_ga_60R758KFDG*czE3NzM5MTEzODAkbzEkZzAkdDE3NzM5MTEzODAkajYwJGwwJGg0Mjc0MjEwODQ.
773 _aThe American Review of Public Administration
942 _cAR